|
|
|
|
| LEADER |
00579cam a2200169 7i4500 |
| 001 |
0000032259 |
| 005 |
20150730090000.0 |
| 020 |
0 |
0 |
|a 9781844641093
|
| 090 |
0 |
0 |
|a ASEA 327.51059
|b WAN
|
| 100 |
1 |
0 |
|a Wang, Yuzhu
|
| 245 |
1 |
4 |
|a The Dynamics of ASEAN cooperation and China-ASEAN relations.
|
| 260 |
0 |
0 |
|a Reading, England:
|b Paths International Ltd,
|c 2014.
|
| 300 |
# |
# |
|a 239 pages.
|
| 651 |
0 |
0 |
|a Southeast Asia --
|x Foreign relations --
|z China
|
| 651 |
0 |
0 |
|a China --
|x Foreign relations --
|z Southeast Asia
|
| 700 |
1 |
0 |
|a Ling, Chen
|
| 999 |
|
|
|a B000036026
|b Book
|c Regions
|e Business Information Centre
|